000 00705nam a2200253Ia 4500
003 OSt
005 20221007075652.0
006 a|||||r|||| 00| 0
007 ta
008 221006b |||||||| |||| 00| 0 eng d
024 _a41,064
037 _cTextual
040 _aFLL
_cFLL
_beng
041 _2eng
_aeng
082 _aYb4, Q4;Q5
100 _aKothari C.R.
245 0 _aResearch methodology
_b methods and techniques, reprint 2015
250 _a3rd
260 _aNew Delhi
_bNew age international publishers
_c2014
300 _axx,449p
_ccm.
700 _a Garg Gaurav
_9473736
942 _hYb4, Q4;Q5
_cTEXL
_2CC
999 _c1156948
_d1156948